=LDR 00000nam 2200000 4500 =001 INLIS000000000049260 =005 20170206100252.0 =006 =007 =008 =035 ##$$0010-021700000000052 =040 ##$$a NBPDMAT =082 ##$$a 959 .865 1 =090 ##$$a 959 .865 1 Luk p =100 ##$$a Lukman , H . Lalu =245 ##$$a Pulau Lombok dalam sejarah ditinjau dari aspek budfaya / $c H . Lalu Lukmas =250 ##$$a Cet .5 =260 ##$$a ( SL . ) : ( SN . ) , $c 2008 =300 ##$$a VIII, 155 hlm . : $b ilus , ; $c 19 cm =500 ##$$a Bibliografi : hlm .152 =650 ##$$a Sejarah Lombok =990 ##$$a 21604980 =990 ##$$a 21604981 =990 ##$$a 21604982 =990 ##$$a 21604983 =990 ##$$a 21604980 =990 ##$$a 21604981 =990 ##$$a 21604982